00544nam a2200157Ia 450000500170000000800410001704100080005808200160006610000450008224500310012726000510015830000090020965000200021899900190023895201290025720250729165754.0250729s2012 xx 000 0 und d aeng a530.25 COMP aCommisionarate of Pre University9232615 aPhysics - I P U C Part - I aBangalorebDirectorate of Pre Universityc2012 a230p aScience9232616 c239871d239871 00104070aALbALd2025-07-29eManagement Bookg70.00l0o530.25 COMPpBED05190r2025-07-29 16:57:54v69.50w2025-07-29yBK